| 000 | 00865nam a2200277 a 4500 | ||
|---|---|---|---|
| 001 | 45483 | ||
| 003 | BD-RjUL | ||
| 005 | 20211209054024.0 | ||
| 008 | 160726s1966 enk 001 0 eng u | ||
| 035 | _a(BD-RjUL)45601 | ||
| 040 |
_aWSU _dUKM _dEQO _dBD-RjUL _beng _cBD-RjUL |
||
| 041 | _aeng | ||
| 082 |
_a338.91 _223 _bLET 1966 |
||
| 100 | 1 |
_aLewis, Sulwyn. _9139244 |
|
| 245 | 1 | 0 | _aTowards international co-operation |
| 250 | _a1st ed. | ||
| 260 |
_aOxford ; _aNew York : _bPergamon Press, _c1966 |
||
| 300 |
_avii, 327 p. : _bill. ; _c18 cm. |
||
| 490 | 1 | _aCommonwealth and international library. Liberal studies division | |
| 500 | _aInclude index | ||
| 504 | _aIncludes bibliographies | ||
| 650 | 0 |
_aInternational cooperation _9139245 |
|
| 650 | 0 |
_aWorld politics _9139246 |
|
| 830 | 0 |
_aCommonwealth and international library. _9131615 |
|
| 942 |
_2ddc _cBK |
||
| 999 |
_c45483 _d45483 |
||